| 000 | 01097cam a2200301 a 4500 | ||
|---|---|---|---|
| 999 |
_c6121 _d6121 |
||
| 001 | 2142700 | ||
| 003 | OSt | ||
| 005 | 20200113144406.0 | ||
| 008 | 980528s1999 enka b 001 0 eng | ||
| 010 | _a 98026719 | ||
| 020 | _a0415181615 (hc.) | ||
| 020 | _a0415181623 (pbk.) | ||
| 020 | _a9780415181624 | ||
| 040 |
_aDLC _coclc _dDLC |
||
| 050 | 0 | 0 |
_aHG4026 _b.M39 1999 |
| 082 | 0 | 0 |
_a658.1 _221 _bMCM/F |
| 100 |
_aMcMenamin, Jim _d1951- _91150 |
||
| 245 | 1 | 0 |
_aFinancial management : _ban introduction / _cJim McMenamin. |
| 260 |
_aLondon ; _aNew York : _bRoutledge, _cc1999 _g(2000 printing). |
||
| 300 |
_axxi, 805 p. : _bill. ; _c26 cm. |
||
| 504 | _aIncludes bibliographical references and index. | ||
| 650 | 0 |
_aCorporations _xFinance. |
|
| 856 | 4 | 2 |
_3Publisher description _uhttp://www.loc.gov/catdir/enhancements/fy0649/98026719-d.html |
| 906 |
_a7 _bcbc _corignew _d1 _eocip _f19 _gy-gencatlg |
||
| 942 |
_2ddc _cBK _h658.1 _iMCM/F _k658.1 _mMCM/F |
||